[Event "Alicante Easter op 7th"]
[Site "La Nucia"]
[Date "2023.04.05"]
[Round "1"]
[White "Kocharyan Baghdasaryan, Arman"]
[Black "Movsziszian, Karen"]
[Result "0-1"]
[WhiteElo "1881"]
[BlackElo "2468"]
[PlyCount "70"]
[EventDate "2023.04.05"]
[EventType "swiss"]
[EventRounds "9"]
[EventCountry "ESP"]
[SourceTitle "CBM 213 Extra"]
[Source "ChessBase"]
[SourceDate "2023.05.31"]
[SourceVersion "1"]
[SourceVersionDate "2023.05.31"]
[SourceQuality "1"]

1. e4 g6 2. d4 Bg7 3. Nc3 d6 4. g3 Nf6 5. Bg2 0-0 6. Nge2 e5 7. h3 c6 8. a4 a5 9. 0-0 Na6 10. Be3 Nb4 11. Qd2 Be6 12. Rad1 Bc4 13. Rfe1 Qc7 14. b3 Ba6 15. f4 Rad8 16. Nc1 Nh5 17. Qf2 exf4 18. gxf4 c5 19. N1a2 Nxa2 20. Nxa2 cxd4 21. Bxd4 Bxd4 22. Rxd4 b5 23. axb5 Bxb5 24. Red1 Rfe8 25. Qd2 Rc8 26. c4 Bc6 27. Nc3 Qb6 28. Kh2 Qxb3 29. Rb1 Qa3 30. Rxd6 Nxf4 31. Rxc6 Rxc6 32. Nb5 Qd3 33. Qxd3 Nxd3 34. Ra1 Ne5 35. Rxa5 Nxc4 0-1

[Event "Montserrat op"]
[Site "Montserrat"]
[Date "2022.09.04"]
[Round "9"]
[White "Kocharyan Baghdasaryan, Arman"]
[Black "Gonzalez Lopez, Lucas I"]
[Result "0-1"]
[WhiteElo "2001"]
[BlackElo "1739"]
[PlyCount "54"]
[EventDate "2022.08.29"]
[EventType "swiss"]
[EventRounds "9"]
[EventCountry "ESP"]
[SourceTitle "CBM 210 Extra"]
[Source "ChessBase"]
[SourceDate "2022.11.30"]
[SourceVersion "1"]
[SourceVersionDate "2022.11.30"]
[SourceQuality "1"]

1. e4 c5 2. Nf3 d6 3. d4 cxd4 4. Nxd4 Nf6 5. Nc3 a6 6. Bg5 e6 7. f4 Be7 8. Qf3 h6 9. Bh4 Qc7 10. 0-0-0 b5 11. Bd3 Bb7 12. Rhe1 Nbd7 13. Nd5 Nxd5 14. exd5 Bxh4 15. Rxe6+ Kd8 16. Qh5 Bf6 17. Qxf7 Bxd4 18. Re7 Bf6 19. Rde1 Bxe7 20. Rxe7 Ne5 21. Rxc7 Nxf7 22. Rxf7 Bxd5 23. Rxg7 Rg8 24. Rh7 Bxg2 25. f5 Rf8 26. Rxh6 Kc7 27. Rh7+ Kb6 0-1

[Event "Montserrat op"]
[Site "Montserrat"]
[Date "2022.09.03"]
[Round "8"]
[White "Gimenez Saiz, Jose Raul"]
[Black "Kocharyan Baghdasaryan, Arman"]
[Result "1/2-1/2"]
[WhiteElo "1765"]
[BlackElo "2001"]
[PlyCount "98"]
[EventDate "2022.08.29"]
[EventType "swiss"]
[EventRounds "9"]
[EventCountry "ESP"]
[SourceTitle "CBM 210 Extra"]
[Source "ChessBase"]
[SourceDate "2022.11.30"]
[SourceVersion "1"]
[SourceVersionDate "2022.11.30"]
[SourceQuality "1"]

1. d4 Nf6 2. c4 g6 3. Nc3 Bg7 4. e4 d6 5. Nf3 0-0 6. Be2 Nbd7 7. 0-0 e5 8. d5 Nc5 9. Nd2 a5 10. a4 Nfd7 11. Re1 f5 12. f3 f4 13. Nb3 g5 14. Bd2 h5 15. Nb5 Nxb3 16. Qxb3 Nc5 17. Qc2 g4 18. b4 axb4 19. Bxb4 Rf7 20. Red1 Bf8 21. Qb2 Qf6 22. a5 Na6 23. Be1 Rg7 24. Nc3 Be7 25. Qb5 Kf7 26. Ra2 Nc5 27. Na4 Bd7 28. Qb4 Bxa4 29. Rxa4 Nxa4 30. Qxa4 g3 31. h3 Rgg8 32. Qd7 Rgc8 33. Rb1 Rab8 34. Bd3 b6 35. a6 Kg7 36. Ra1 Qf7 37. Kf1 Bf8 38. Qc6 Qe8 39. Bd2 Qxc6 40. dxc6 Ra8 41. a7 Kf6 42. Bc3 d5 43. cxd5 b5 44. Bxb5 Bc5 45. Ba6 Re8 46. Bb7 Rxa7 47. Rxa7 Bxa7 48. Ba5 Bb8 49. Ke2 Ke7 1/2-1/2

[Event "Montserrat op"]
[Site "Montserrat"]
[Date "2022.09.02"]
[Round "6"]
[White "Miranda Calvo, Max"]
[Black "Kocharyan Baghdasaryan, Arman"]
[Result "0-1"]
[WhiteElo "1574"]
[BlackElo "2001"]
[PlyCount "52"]
[EventDate "2022.08.29"]
[EventType "swiss"]
[EventRounds "9"]
[EventCountry "ESP"]
[SourceTitle "CBM 210 Extra"]
[Source "ChessBase"]
[SourceDate "2022.11.30"]
[SourceVersion "1"]
[SourceVersionDate "2022.11.30"]
[SourceQuality "1"]

1. e4 e6 2. d4 d5 3. Bd3 dxe4 4. Bxe4 Nf6 5. Bf3 Bd6 6. Nc3 c6 7. Nge2 Nbd7 8. g3 0-0 9. 0-0 e5 10. Be3 Re8 11. dxe5 Nxe5 12. Bg2 Qe7 13. Bf4 Bg4 14. Re1 Rad8 15. Qc1 Qd7 16. Rd1 Qf5 17. Qd2 h6 18. Bxe5 Rxe5 19. Nd4 Qh5 20. f3 Bc5 21. fxg4 Nxg4 22. Qf4 Qxh2+ 23. Kf1 Ne3+ 24. Qxe3 Rxe3 25. Nde2 Rde8 26. Rd2 Rf3+ 0-1

[Event "Montserrat op"]
[Site "Montserrat"]
[Date "2022.09.01"]
[Round "5"]
[White "Kocharyan Baghdasaryan, Arman"]
[Black "Cruz Lledo, Pablo"]
[Result "1/2-1/2"]
[WhiteElo "2001"]
[BlackElo "2412"]
[PlyCount "135"]
[EventDate "2022.08.29"]
[EventType "swiss"]
[EventRounds "9"]
[EventCountry "ESP"]
[SourceTitle "CBM 210 Extra"]
[Source "ChessBase"]
[SourceDate "2022.11.30"]
[SourceVersion "1"]
[SourceVersionDate "2022.11.30"]
[SourceQuality "1"]

1. e4 c6 2. d4 d5 3. Nd2 g6 4. c3 Bg7 5. Bd3 Nh6 6. Ngf3 0-0 7. 0-0 f6 8. Re1 Nf7 9. c4 Na6 10. exd5 cxd5 11. cxd5 Nb4 12. Bc4 a5 13. Qb3 Bf5 14. Nh4 Bc2 15. Qc3 Ba4 16. b3 Be8 17. Ba3 b5 18. Bxb4 axb4 19. Qxb4 bxc4 20. bxc4 Nd6 21. Nhf3 Ra4 22. Qb3 Nc8 23. c5 Ra7 24. Ne4 Bf7 25. Nc3 Rd7 26. a4 Bxd5 27. Nxd5 Rxd5 28. a5 Kh8 29. a6 Rd7 30. d5 Na7 31. Red1 Qc7 32. Nd4 Rb8 33. Qc4 Qf4 34. c6 Rd6 35. Qc5 Ra8 36. Ne6 Qe5 37. Nc7 Rxc6 38. Qxc6 Nxc6 39. Nxa8 Na7 40. Rab1 f5 41. Rb7 Qe2 42. Rf1 Bd4 43. Nc7 h5 44. Ne6 Qxa6 45. Rb8+ Kh7 46. Nxd4 Qc4 47. Nc6 Nxc6 48. dxc6 Qxc6 49. Re1 e5 50. h4 Qa4 51. g3 Kh6 52. Reb1 e4 53. Rh8+ Kg7 54. Rbb8 Qd1+ 55. Kh2 Qd5 56. Rhc8 Qa2 57. Rc7+ Kf6 58. Rb6+ Ke5 59. Kg2 Qg8 60. Rcc6 g5 61. Rb5+ Kd4 62. hxg5 Qxg5 63. Rcc5 Qg6 64. Rd5+ Kc4 65. Rbc5+ Kb4 66. Rb5+ Kc4 67. Rbc5+ Kb4 68. Rb5+ 1/2-1/2

[Event "Montserrat op"]
[Site "Montserrat"]
[Date "2022.08.30"]
[Round "2"]
[White "Lopez Benavent, Luis Vicente"]
[Black "Kocharyan Baghdasaryan, Arman"]
[Result "0-1"]
[WhiteElo "1592"]
[BlackElo "2001"]
[PlyCount "112"]
[EventDate "2022.08.29"]
[EventType "swiss"]
[EventRounds "9"]
[EventCountry "ESP"]
[SourceTitle "CBM 210 Extra"]
[Source "ChessBase"]
[SourceDate "2022.11.30"]
[SourceVersion "1"]
[SourceVersionDate "2022.11.30"]
[SourceQuality "1"]

1. d4 Nf6 2. Bg5 g6 3. Bxf6 exf6 4. Nf3 Bg7 5. g3 d5 6. Bg2 0-0 7. 0-0 c6 8. Nbd2 Re8 9. Re1 f5 10. e3 Nd7 11. c4 Nf6 12. cxd5 cxd5 13. Rc1 Ne4 14. Qb3 Qa5 15. Nxe4 fxe4 16. Rc5 Qa6 17. Nd2 Be6 18. Rec1 Bf8 19. Rc7 b6 20. Bf1 Qa5 21. Nb1 Rec8 22. Rxc8 Rxc8 23. Rxc8 Bxc8 24. Qc3 Qxa2 25. Qxc8 Qxb1 26. Qd7 Qxb2 27. Qxd5 Qb4 28. Qxe4 a5 29. Qd5 Qd6 30. Qxd6 Bxd6 31. Bb5 Kf8 32. Kf1 Ke7 33. Ke2 Bb4 34. e4 Bc3 35. Kd3 Bb2 36. f3 f6 37. g4 Kd6 38. h3 f5 39. gxf5 gxf5 40. exf5 Kd5 41. f6 Bxd4 42. f7 Bg7 43. h4 Kc5 44. Bd7 b5 45. Bf5 h6 46. Bd7 a4 47. Kc2 Kb4 48. Kb1 Kb3 49. Be6+ Ka3 50. f4 b4 51. f5 b3 52. f6 Bf8 53. Bd5 Kb4 54. Be6 a3 55. Bd5 Bd6 56. Kc1 a2 0-1

[Event "ESP-ch U16 Rapid"]
[Site "Salobrena"]
[Date "2022.07.31"]
[Round "9"]
[White "Lopez Garcia, Inigo"]
[Black "Kocharyan Baghdasaryan, Arman"]
[Result "1-0"]
[WhiteElo "1248"]
[BlackElo "1529"]
[PlyCount "97"]
[EventDate "2022.07.30"]
[EventType "swiss (rapid)"]
[EventRounds "9"]
[EventCountry "ESP"]
[SourceTitle "EXT 2023"]
[Source "ChessBase"]
[SourceDate "2022.10.05"]
[SourceVersion "1"]
[SourceVersionDate "2022.10.05"]
[SourceQuality "1"]

1. e4 e6 2. d4 d5 3. e5 c5 4. c3 Nc6 5. Nf3 Qb6 6. Bd3 cxd4 7. cxd4 Bd7 8. Nc3 Nxd4 9. Nxd4 Qxd4 10. 0-0 a6 11. Qe2 Ne7 12. Kh1 g6 13. f4 Qb6 14. Be3 Qc7 15. Rac1 Bc6 16. Na4 b5 17. Nc5 h5 18. Rc2 d4 19. Bxd4 Rd8 20. Be3 Nd5 21. Nxa6 Qb7 22. Nc5 Qa8 23. Bxb5 Nxe3 24. Bxc6+ Qxc6 25. Qxe3 Be7 26. Rfc1 Qd5 27. Ne4 0-0 28. a3 Kg7 29. Rd2 Qb7 30. Nd6 Qa6 31. b4 Bxd6 32. exd6 Rxd6 33. Qe5+ f6 34. Qxd6 Qxa3 35. Qd7+ Rf7 36. Qc6 Qxb4 37. Rd7 Rxd7 38. Qxd7+ Kh6 39. Qxe6 Qxf4 40. Re1 h4 41. Qe3 Kg5 42. Qxf4+ Kxf4 43. Rf1+ Kg5 44. Kg1 f5 45. Ra1 Kg4 46. Ra4+ f4 47. Kf2 g5 48. h3+ Kf5 49. Kf3 1-0

[Event "ESP-ch U16"]
[Site "Salobrena"]
[Date "2022.07.29"]
[Round "8"]
[White "Garcia Bellido, Alvaro"]
[Black "Kocharyan Baghdasaryan, Arman"]
[Result "1/2-1/2"]
[WhiteElo "1746"]
[BlackElo "2001"]
[PlyCount "108"]
[EventDate "2022.07.25"]
[EventType "swiss"]
[EventRounds "9"]
[EventCountry "ESP"]
[SourceTitle "EXT 2023"]
[Source "ChessBase"]
[SourceDate "2022.10.05"]
[SourceVersion "1"]
[SourceVersionDate "2022.10.05"]
[SourceQuality "1"]

1. e4 e6 2. d4 d5 3. exd5 exd5 4. c4 Nf6 5. Nf3 Be7 6. Be2 0-0 7. 0-0 dxc4 8. Bxc4 Bg4 9. Be3 Nbd7 10. Nc3 Nb6 11. Bb3 c6 12. a3 Re8 13. Bxf7+ Kxf7 14. Ne5+ Kg8 15. Nxg4 Nxg4 16. Qxg4 Bf6 17. Rfe1 Nd5 18. Bd2 Qb6 19. Nxd5 cxd5 20. Bc3 Rad8 21. Rad1 Qb3 22. h3 Qa4 23. Qh5 h6 24. Rxe8+ Qxe8 25. Qxe8+ Rxe8 26. Kf1 Kf7 27. Re1 Rc8 28. Ke2 a5 29. Kd3 a4 30. Rc1 Bg5 31. Rc2 Bf6 32. Bd2 Rxc2 33. Kxc2 Bxd4 34. f3 h5 35. g4 g6 36. Bc1 Ke6 37. Kd3 Bg7 38. f4 b5 39. Ke3 Kd6 40. Kd3 Kc5 41. Be3+ d4 42. Bd2 Kd5 43. f5 hxg4 44. hxg4 gxf5 45. gxf5 Ke5 46. Bb4 Kxf5 47. Bc5 Ke6 48. Bxd4 Bxd4 49. Kxd4 Kd6 50. Kc3 Kc5 51. Kd3 b4 52. axb4+ Kxb4 53. Kc2 Kc4 54. Kb1 a3 1/2-1/2

[Event "Montserrat op 14th"]
[Site "Montserrat"]
[Date "2021.09.05"]
[Round "9"]
[White "Kocharyan Baghdasaryan, Arman"]
[Black "Castellano Lopez, Javier"]
[Result "0-1"]
[WhiteElo "1822"]
[BlackElo "1706"]
[PlyCount "40"]
[EventDate "2021.08.27"]
[EventType "swiss"]
[EventRounds "9"]
[EventCountry "ESP"]
[SourceTitle "EXT 2022"]
[Source "ChessBase"]
[SourceDate "2021.10.06"]
[SourceVersion "1"]
[SourceVersionDate "2021.10.06"]
[SourceQuality "1"]

1. e4 c6 2. d4 d5 3. Nd2 dxe4 4. Nxe4 Nf6 5. Nxf6+ exf6 6. c3 Bd6 7. Bd3 0-0 8. Ne2 Re8 9. 0-0 Qc7 10. f4 f5 11. Qc2 g6 12. Bd2 c5 13. dxc5 Bxc5+ 14. Kh1 Nd7 15. c4 Nf6 16. Nc3 Ng4 17. Nd5 Qd8 18. Bc3 Be6 19. Be2 Bxd5 20. Bxg4 Be4 0-1

[Event "Xativa Murta op 5th"]
[Site "Xativa"]
[Date "2019.07.16"]
[Round "3"]
[White "Kocharyan Baghdasaryan, Arman"]
[Black "Hernandez Lopez, Alberto"]
[Result "0-1"]
[WhiteElo "1620"]
[BlackElo "2038"]
[PlyCount "52"]
[EventDate "2019.07.15"]
[EventType "swiss"]
[EventRounds "9"]
[EventCountry "ESP"]
[SourceTitle "EXT 2020"]
[Source "ChessBase"]
[SourceDate "2019.10.17"]
[SourceVersion "1"]
[SourceVersionDate "2019.10.17"]
[SourceQuality "1"]

1. e4 c5 2. Nf3 e6 3. d4 cxd4 4. c3 dxc3 5. Nxc3 a6 6. Bc4 Nc6 7. 0-0 b5 8. Bb3 Na5 9. Bc2 Bb7 10. Qe2 Ne7 11. Rd1 Ng6 12. Be3 Be7 13. Rac1 0-0 14. Qd2 Nc4 15. Qxd7 Nxe3 16. Qxd8 Rfxd8 17. fxe3 Bc5 18. Kf2 Kf8 19. Ne2 Bb6 20. Ned4 Rac8 21. Bd3 Ke7 22. b3 Kf8 23. a4 Rxc1 24. Rxc1 e5 25. axb5 axb5 26. Bxb5 exd4 0-1